[Event "Brno Open 2023 - B FIDE open"]
[Site "Bobycentrum hotel, Brno"]
[Date "2023.11.14"]
[Round "4"]
[Board "7"]
[White "Llopis de Aysa, Manuel"]
[Black "Baklanova, Tatiana"]
[Result "1-0"]
[WhiteElo "1986"]
[BlackElo "2147"]
[PlyCount "83"]
[EventDate "2023.11.11"]
[EventRounds "9"]
[EventCountry "CZE"]

1. d4 Nf6 2. Nf3 g6 3. Bg5 Bg7 4. Nbd2 d6 5. c3 O-O 6. e4 c5 7. dxc5 dxc5 8. Bc4
h6 9. Bh4 Nc6 10. Qe2 a6 11. a4 Qb6 12. Rb1 Bg4 13. Bg3 Nh5 14. Qe3 Rad8 15. O-O
Nxg3 16. hxg3 Qa7 17. Nh2 Bd7 18. Bb3 b5 19. axb5 axb5 20. Ra1 Qb6 21. f4 Bc8 22.
Nhf3 Na5 23. Ba2 Qc7 24. Rac1 c4 25. Bb1 Qd7 26. e5 Nb7 27. Ne4 f6 28. Nf2 f5 29.
Rcd1 Qc7 30. Nh4 Kh7 31. g4 e6 32. gxf5 gxf5 33. g4 Rg8 34. Kh2 Qf7 35. Qh3 Rdf8
36. Rg1 Nc5 37. Rd6 Na4 38. gxf5 exf5 39. Rgg6 Qa7 40. Nh1 Nxb2 41. Nxf5 Rxf5 42.
Rxh6+  1-0

[Event "Brno Open 2023 - B FIDE open"]
[Site "Bobycentrum hotel, Brno"]
[Date "2023.11.14"]
[Round "4"]
[Board "8"]
[White "Chubar, Vladimir"]
[Black "Biliy, Vadim"]
[Result "0-1"]
[WhiteElo "1813"]
[BlackElo "2331"]
[PlyCount "116"]
[EventDate "2023.11.11"]
[EventRounds "9"]
[EventCountry "CZE"]

1. d4 c5 2. d5 Nf6 3. Nc3 e5 4. e4 d6 5. Bb5+ Nbd7 6. a4 Be7 7. f4 a6 8. Bc4 exf4
9. Bxf4 Ne5 10. Bxe5 dxe5 11. Nf3 Bd6 12. O-O O-O 13. Qe2 Bg4 14. h3 Bd7 15. Nh4
g6 16. Rf2 Ne8 17. Nf3 Ng7 18. Qe3 Nh5 19. Qh6 Qf6 20. a5 Qg7 21. Qd2 Nf4 22. Na4
Bxh3 23. gxh3 Nxh3+ 24. Kg2 Nxf2 25. Qxf2 Rac8 26. Nb6 Rc7 27. Qg3 f6 28. Rh1 Rff7
29. Qh3 Qf8 30. Qe6 Qd8 31. Rh3 Kg7 32. Rg3 Kh8 33. Qh3 Rg7 34. Nh4 Kg8 35. Qe6+
Kh8 36. Nf3 Rg8 37. Nh2 Re8 38. Qh3 Rg7 39. Bb3 Bc7 40. Ba4 Reg8 41. Nd7 Bxa5 42.
Nxc5 Be1 43. Ne6 Qa5 44. Rf3 Qxa4 45. Nxg7 Qxe4 46. Ne6 Qxd5 47. Kf1 Qd1 48. Rd3
Bd2+ 49. Kg2 Qxc2 50. Nf1 Be3+ 51. Kh1 Qxd3 52. Nxe3 Rc8 53. Qf3 Qb1+ 54. Kh2 Qxb2+
55. Kh3 f5 56. Qg3 Qc3 57. Kh2 Re8 58. Qg5 Qd2+  0-1

[Event "Brno Open 2023 - B FIDE open"]
[Site "Bobycentrum hotel, Brno"]
[Date "2023.11.14"]
[Round "4"]
[Board "9"]
[White "Tikovsky, Alexandr"]
[Black "Rybacek, Martin"]
[Result "1/2-1/2"]
[WhiteElo "2100"]
[BlackElo "1849"]
[PlyCount "39"]
[EventDate "2023.11.11"]
[EventRounds "9"]
[EventCountry "CZE"]

1. d4 Nf6 2. Nf3 g6 3. Nbd2 Bg7 4. e4 d6 5. Bd3 Nbd7 6. O-O O-O 7. Re1 e5 8. c3 c6
9. a4 a5 10. Rb1 Qc7 11. b3 Re8 12. Qc2 d5 13. exd5 cxd5 14. dxe5 Nxe5 15. Nxe5 Rxe5
16. Rxe5 Qxe5 17. Nf3 Qc7 18. Be3 Bg4 19. Nd4 Bd7 20. Qd2  1/2-1/2

[Event "Brno Open 2023 - B FIDE open"]
[Site "Bobycentrum hotel, Brno"]
[Date "2023.11.14"]
[Round "4"]
[Board "11"]
[White "Brzezina, Pawel"]
[Black "Filippskikh, Oleksii"]
[Result "1/2-1/2"]
[WhiteElo "1769"]
[BlackElo "1996"]
[PlyCount "80"]
[EventDate "2023.11.11"]
[EventRounds "9"]
[EventCountry "CZE"]

1. d4 d5 2. c4 e6 3. Nc3 a6 4. cxd5 exd5 5. Bf4 Nf6 6. e3 Bd6 7. Bxd6 Qxd6 8. Bd3
O-O 9. h3 Nbd7 10. Nf3 c5 11. dxc5 Nxc5 12. O-O b5 13. a3 Bb7 14. Nd4 Qe5 15. Rc1
Rac8 16. Bb1 Nfe4 17. Nce2 Na4 18. Bxe4 dxe4 19. Qd2 Nc5 20. b4 Nd3 21. Rxc8 Rxc8
22. Nc1 Qd5 23. Nxd3 exd3 24. f3 g6 25. Qxd3 Qa2 26. Qb3 Qxb3 27. Nxb3 Rc3 28. Nc5
Bc8 29. Rd1 Be6 30. Ra1 Rxe3 31. Nxa6 Bc4 32. Nc5 Re2 33. Ne4 Rb2 34. Nd6 Bd3 35.
Nb7 Kg7 36. Nc5 Bc4 37. Rc1 Ra2 38. a4 Rb2 39. axb5 Bxb5 40. Rc3 Rxb4  1/2-1/2

[Event "Brno Open 2023 - B FIDE open"]
[Site "Bobycentrum hotel, Brno"]
[Date "2023.11.14"]
[Round "4"]
[Board "12"]
[White "Kovalenko, Vladimir N."]
[Black "Limbrunner, Steven"]
[Result "1-0"]
[WhiteElo "1993"]
[BlackElo "1824"]
[PlyCount "52"]
[EventDate "2023.11.11"]
[EventRounds "9"]
[EventCountry "CZE"]

1. e4 c5 2. c3 Nc6 3. d4 d5 4. exd5 Qxd5 5. Nf3 cxd4 6. cxd4 e5 7. Nc3 Bb4 8. Bd2
Bxc3 9. Bxc3 e4 10. Ne5 Nxe5 11. dxe5 Ne7 12. Be2 e3 13. O-O exf2+ 14. Rxf2 O-O 15.
Bf3 Qb5 16. a4 Qb6 17. a5 Qb5 18. a6 Nc6 19. Qd6 Qb6 20. Bd5 Rd8 21. Bxf7+ Kh8 22.
Qa3 bxa6 23. Raf1 Bf5 24. e6 Bd3 25. e7 Nxe7 26. Qxe7 Bxf1  1-0

[Event "Brno Open 2023 - B FIDE open"]
[Site "Bobycentrum hotel, Brno"]
[Date "2023.11.14"]
[Round "5"]
[Board "1"]
[White "Johnson, Joshua"]
[Black "Slepov, Cyril"]
[Result "0-1"]
[WhiteElo "2337"]
[BlackElo "2078"]
[PlyCount "118"]
[EventDate "2023.11.11"]
[EventRounds "9"]
[EventCountry "CZE"]

1. e4 e5 2. Nf3 Nc6 3. Bb5 Nf6 4. Nc3 Bc5 5. Nxe5 Nxe5 6. d4 Bd6 7. dxe5 Bxe5 8.
Bd3 d5 9. exd5 Bxc3+ 10. bxc3 Qxd5 11. O-O O-O 12. c4 Qc6 13. Bb2 Bg4 14. Qd2 Bh5
15. Bxf6 Qxf6 16. Qa5 Bg6 17. Qxc7 b6 18. Rab1 Rfc8 19. Qg3 Rc5 20. Rb5 Qd4 21. Re1
Rd8 22. Qe3 Qxe3 23. Rxe3 Kf8 24. Rxc5 bxc5 25. Kf1 Rd6 26. Ke2 Ra6 27. Bxg6 hxg6
28. a3 Ra4 29. Rc3 Ke7 30. Kd2 Ke6 31. Kc1 Ke5 32. Kb2 Ra6 33. Rd3 Ke6 34. Rd8 Rd6
35. Rxd6+ Kxd6 36. Kc3 Ke5 37. Kd3 g5 38. Ke3 f5 39. c3 g4 40. f4+ gxf3 41. Kxf3
g5 42. h3 Kf6 43. Kg3 Kg6 44. h4 gxh4+ 45. Kxh4 Kf6 46. Kh5 f4 47. Kg4 Ke5 48. Kg5
Ke4 49. a4 a5 50. Kg4 Ke5 51. Kh4 f3 52. gxf3 Kf4 53. Kh5 Kxf3 54. Kg5 Ke4 55. Kf6
Kd3 56. Ke5 Kxc3 57. Kd5 Kb4 58. Kc6 Kxc4 59. Kb6 Kb4  0-1

[Event "Brno Open 2023 - B FIDE open"]
[Site "Bobycentrum hotel, Brno"]
[Date "2023.11.14"]
[Round "5"]
[Board "2"]
[White "Brzezina, Piotr"]
[Black "Wu, Yixing"]
[Result "0-1"]
[WhiteElo "2036"]
[BlackElo "2307"]
[PlyCount "48"]
[EventDate "2023.11.11"]
[EventRounds "9"]
[EventCountry "CZE"]

1. d4 Nf6 2. c4 e6 3. g3 d5 4. Nf3 Bb4+ 5. Bd2 a5 6. Bg2 dxc4 7. O-O c5 8. dxc5 Bxc5
9. Qa4+ Nbd7 10. Qxc4 b5 11. Qc2 Bb7 12. Nc3 Qb6 13. Rac1 O-O 14. e3 Rac8 15. Rfd1
Rfd8 16. Qb1 Bc6 17. Ng5 Bxg2 18. Kxg2 Qb7+ 19. Kg1 h6 20. Nge4 b4 21. Nxf6+ Nxf6
22. Na4 Ba7 23. Be1 Ne4 24. h4 Nxg3  0-1

[Event "Brno Open 2023 - B FIDE open"]
[Site "Bobycentrum hotel, Brno"]
[Date "2023.11.14"]
[Round "5"]
[Board "3"]
[White "Svobodova, Michaela"]
[Black "Cupid, Kevin"]
[Result "1/2-1/2"]
[WhiteElo "1957"]
[BlackElo "2186"]
[PlyCount "143"]
[EventDate "2023.11.11"]
[EventRounds "9"]
[EventCountry "CZE"]

1. e4 c6 2. d4 d5 3. exd5 cxd5 4. Bd3 Nc6 5. c3 Nf6 6. h3 Qc7 7. Nf3 g6 8. O-O Bf5
9. Be2 Bg7 10. Re1 O-O 11. Be3 a6 12. Qc1 Rfc8 13. Bf4 Qd8 14. Qd1 b5 15. Ne5 Na5
16. Nd2 Qb6 17. b4 Nb7 18. Qb3 Nd6 19. a4 Be6 20. Nd3 a5 21. Nc5 axb4 22. Qxb4 Bd7
23. Nxd7 Nxd7 24. Bxd6 Qxd6 25. Qxd6 exd6 26. Bxb5 Nb6 27. a5 Nc4 28. Bxc4 dxc4 29.
Reb1 Rc6 30. Rb4 d5 31. Rb5 Rd6 32. Nb1 Bf8 33. Na3 Kg7 34. Nc2 Kf6 35. Nb4 Ke6 36.
a6 Ra7 37. Rb7 Rd7 38. Rxa7 Rxa7 39. Nc6 Ra8 40. a7 Bd6 41. Kf1 Kd7 42. Ne5+ Bxe5
43. dxe5 Ke6 44. Ke2 Kxe5 45. Ke3 g5 46. g3 h5 47. f4+ gxf4+ 48. gxf4+ Kf5 49. Ra5
Ke6 50. Kd4 h4 51. Ra6+ Kf5 52. Kxd5 Kxf4 53. Kxc4 f5 54. Kd5 Kg3 55. Rg6+ Kxh3 56.
Rg7 Re8 57. c4 f4 58. Re7 Rf8 59. Rf7 Rxf7 60. a8=Q f3 61. Ke6 Rf4 62. Ke5 f2 63.
Qh1+ Kg3 64. Qf1 h3 65. c5 h2 66. c6 h1=Q 67. Qxh1 f1=Q 68. Qxf1 Rxf1 69. c7 Rc1
70. Kd6 Kf4 71. Kd7 Rxc7+ 72. Kxc7  1/2-1/2

[Event "Brno Open 2023 - B FIDE open"]
[Site "Bobycentrum hotel, Brno"]
[Date "2023.11.14"]
[Round "5"]
[Board "4"]
[White "Pokorny, Petr"]
[Black "Llopis de Aysa, Manuel"]
[Result "1/2-1/2"]
[WhiteElo "2131"]
[BlackElo "1986"]
[PlyCount "59"]
[EventDate "2023.11.11"]
[EventRounds "9"]
[EventCountry "CZE"]

1. d4 e6 2. c4 f5 3. g3 Nf6 4. Bg2 d5 5. Nf3 c6 6. O-O Bd6 7. b3 Qe7 8. Bb2 O-O 9.
Qc1 b5 10. Ne5 bxc4 11. bxc4 Ba6 12. Ba3 Rc8 13. Bxd6 Qxd6 14. c5 Qc7 15. Nc3 Nbd7
16. Nxd7 Qxd7 17. Qa3 Bc4 18. Rfb1 Ne4 19. e3 Rab8 20. Nxe4 fxe4 21. Rb4 Bd3 22.
Bf1 Bxf1 23. Rxf1 Rb7 24. Rfb1 Rcb8 25. R1b3 h6 26. Qb2 Rxb4 27. Rxb4 Rxb4 28. Qxb4
Qf7 29. Qb8+ Kh7 30. Qd6  1/2-1/2

[Event "Brno Open 2023 - B FIDE open"]
[Site "Bobycentrum hotel, Brno"]
[Date "2023.11.14"]
[Round "5"]
[Board "5"]
[White "Ovcharov, Taras"]
[Black "Zuo, Yifan"]
[Result "0-1"]
[WhiteElo "1986"]
[BlackElo "2337"]
[PlyCount "68"]
[EventDate "2023.11.11"]
[EventRounds "9"]
[EventCountry "CZE"]

1. e4 c5 2. c3 d5 3. exd5 Qxd5 4. d4 Nc6 5. Nf3 Bf5 6. Be3 cxd4 7. Nxd4 e6 8. Nd2
Nxd4 9. Bxd4 Ne7 10. Qa4+ Nc6 11. Be2 Qd7 12. Bf3 Nxd4 13. Qxd7+ Kxd7 14. cxd4 Rc8
15. O-O Rc2 16. Rfd1 Bd6 17. b3 b6 18. Nc4 Bg6 19. d5 e5 20. Ne3 Rc7 21. Bg4+ Ke7
22. Nf5+ Bxf5 23. Bxf5 g6 24. Bd3 Ba3 25. Bc4 Kd6 26. Rd2 Rc5 27. Ba6 Rb8 28. Bf1
Rbc8 29. Rdd1 f5 30. f3 Ra5 31. Kh1 Rcc5 32. h3 Rc2 33. Bd3 Rc3 34. Bf1 Rxd5  0-1

[Event "Brno Open 2023 - B FIDE open"]
[Site "Bobycentrum hotel, Brno"]
[Date "2023.11.14"]
[Round "5"]
[Board "6"]
[White "Biliy, Vadim"]
[Black "Buchta, Vaclav"]
[Result "1-0"]
[WhiteElo "2331"]
[BlackElo "1923"]
[PlyCount "105"]
[EventDate "2023.11.11"]
[EventRounds "9"]
[EventCountry "CZE"]

1. d4 Nf6 2. Nf3 c5 3. e3 g6 4. c3 Bg7 5. Be2 O-O 6. O-O b6 7. b4 Bb7 8. Ba3 Ne4
9. Nfd2 Nxd2 10. Nxd2 cxb4 11. cxb4 d6 12. Rc1 Nd7 13. Bf3 Bxf3 14. Nxf3 b5 15. Qe2
a6 16. d5 Nb6 17. Qd3 Nc4 18. Nd2 Nxa3 19. Qxa3 a5 20. Rc2 axb4 21. Qxb4 Qa5 22.
Qb3 Rfc8 23. Rfc1 Rc5 24. g3 Rac8 25. Ne4 Rxc2 26. Rxc2 Rxc2 27. Qxc2 b4 28. Qc8+
Bf8 29. Qc4 h6 30. h4 f5 31. Nd2 Qc5 32. Kf1 Kf7 33. Ke2 Qxc4+ 34. Nxc4 Bg7 35. Kd3
Bc3 36. Nb6 e6 37. Na4 Be1 38. Ke2 b3 39. axb3 Ba5 40. dxe6+ Kxe6 41. Nb2 Kd5 42.
Nd3 g5 43. h5 Ke4 44. f3+ Kd5 45. g4 fxg4 46. fxg4 Ke6 47. Nf2 d5 48. Nh1 Bc7 49.
Kf3 Kd7 50. e4 d4 51. Ng3 Kc6 52. Nf5 Kc5 53. Ke2  1-0

[Event "Brno Open 2023 - B FIDE open"]
[Site "Bobycentrum hotel, Brno"]
[Date "2023.11.14"]
[Round "5"]
[Board "7"]
[White "Husek, Martin"]
[Black "Moewisch, Dave"]
[Result "1-0"]
[WhiteElo "2245"]
[BlackElo "1916"]
[PlyCount "37"]
[EventDate "2023.11.11"]
[EventRounds "9"]
[EventCountry "CZE"]

1. d4 Nf6 2. c4 e6 3. Nc3 Bb4 4. e3 O-O 5. Nf3 d5 6. Bd2 Re8 7. Rc1 b6 8. cxd5 exd5
9. Ne5 Bxc3 10. Bxc3 c5 11. Bb5 Bd7 12. Nxd7 Nbxd7 13. dxc5 Re4 14. c6 Nc5 15. c7
Qxc7 16. b4 a6 17. Be2 Rc8 18. bxc5 Qxc5 19. Bd2  1-0

[Event "Brno Open 2023 - B FIDE open"]
[Site "Bobycentrum hotel, Brno"]
[Date "2023.11.14"]
[Round "5"]
[Board "8"]
[White "Sliwerski, Radoslaw"]
[Black "Setina, Vaclav"]
[Result "1/2-1/2"]
[WhiteElo "2017"]
[BlackElo "1908"]
[PlyCount "37"]
[EventDate "2023.11.11"]
[EventRounds "9"]
[EventCountry "CZE"]

1. d4 d5 2. c4 c6 3. cxd5 cxd5 4. Bf4 Bf5 5. e3 Nc6 6. Nc3 e6 7. Qb3 Qd7 8. Nf3 Rc8
9. Bb5 Bd6 10. Ne5 Bxe5 11. Bxe5 Nf6 12. Qa3 a6 13. Be2 Nxe5 14. dxe5 Ne4 15. Nxe4
Bxe4 16. O-O Qe7 17. Qa4+ Qd7 18. Qa3 Qe7 19. Qa4+  1/2-1/2

[Event "Brno Open 2023 - B FIDE open"]
[Site "Bobycentrum hotel, Brno"]
[Date "2023.11.14"]
[Round "5"]
[Board "9"]
[White "Pribyl, Rene"]
[Black "Kovalenko, Vladimir N."]
[Result "1/2-1/2"]
[WhiteElo "1864"]
[BlackElo "1993"]
[PlyCount "38"]
[EventDate "2023.11.11"]
[EventRounds "9"]
[EventCountry "CZE"]

1. d4 Nf6 2. c4 g6 3. Nc3 Bg7 4. e4 d6 5. Nf3 O-O 6. h3 e5 7. Be3 exd4 8. Nxd4 Re8
9. Bd3 Na6 10. f3 c6 11. O-O Nb4 12. Bb1 d5 13. a3 Na6 14. cxd5 cxd5 15. Bf2 dxe4
16. Nxe4 Nxe4 17. Bxe4 Nc5 18. Bc2 Qg5 19. h4 Qd8  1/2-1/2

[Event "Brno Open 2023 - B FIDE open"]
[Site "Bobycentrum hotel, Brno"]
[Date "2023.11.14"]
[Round "5"]
[Board "10"]
[White "Petran, Tomas"]
[Black "Bergerhoff, Andreas"]
[Result "0-1"]
[WhiteElo "1780"]
[BlackElo "1992"]
[PlyCount "26"]
[EventDate "2023.11.11"]
[EventRounds "9"]
[EventCountry "CZE"]

1. c4 f5 2. g3 Nf6 3. Bg2 e5 4. Nc3 Nc6 5. e4 Bc5 6. a3 a5 7. Nge2 d6 8. d3 O-O 9.
Nd5 fxe4 10. dxe4 Bxf2+ 11. Kd2 Nxd5 12. exd5 Nd4 13. Rf1 Bg4  0-1

[Event "Brno Open 2023 - B FIDE open"]
[Site "Bobycentrum hotel, Brno"]
[Date "2023.11.15"]
[Round "6"]
[Board "1"]
[White "Slepov, Cyril"]
[Black "Wu, Yixing"]
[Result "0-1"]
[WhiteElo "2078"]
[BlackElo "2307"]
[PlyCount "58"]
[EventDate "2023.11.11"]
[EventRounds "9"]
[EventCountry "CZE"]

1. d4 Nf6 2. c4 e6 3. g3 d5 4. Bg2 Bb4+ 5. Bd2 a5 6. Nf3 dxc4 7. a3 Bxd2+ 8. Nbxd2
b5 9. b3 cxb3 10. Qxb3 c6 11. O-O O-O 12. Rfc1 Bb7 13. Qb2 Nbd7 14. Ne1 Rc8 15. Nd3
Ba8 16. e4 Nb6 17. Rab1 Na4 18. Qa1 c5 19. Rxb5 cxd4 20. Rxc8 Qxc8 21. Rxa5 Nc3 22.
f3 Nd7 23. Qb2 Qc7 24. Nb3 Qb6 25. Nb4 d3+ 26. Kf1 Nd1 27. Qd4 Ne3+ 28. Kf2 Qxd4
29. Nxd4 d2  0-1

[Event "Brno Open 2023 - B FIDE open"]
[Site "Bobycentrum hotel, Brno"]
[Date "2023.11.15"]
[Round "6"]
[Board "2"]
[White "Zuo, Yifan"]
[Black "Svobodova, Michaela"]
[Result "1-0"]
[WhiteElo "2337"]
[BlackElo "1957"]
[PlyCount "57"]
[EventDate "2023.11.11"]
[EventRounds "9"]
[EventCountry "CZE"]

1. d4 d5 2. c4 c6 3. Nf3 Nf6 4. Nc3 a6 5. e3 b5 6. b3 Bg4 7. a3 b4 8. Ne2 Bxf3 9.
gxf3 dxc4 10. bxc4 a5 11. Bb2 g6 12. Ng3 Bg7 13. h4 h5 14. e4 Nh7 15. e5 Nf8 16.
f4 f5 17. d5 Nfd7 18. Bg2 Nc5 19. O-O Nba6 20. Qe2 Rc8 21. Rfd1 e6 22. dxe6 Qxh4
23. Rd6 Qxf4 24. e7 h4 25. Rxg6 Rh7 26. Nh5 Rxh5 27. Qxh5 Bxe5 28. Re6+ Kd7 29. e8=Q+
 1-0

[Event "Brno Open 2023 - B FIDE open"]
[Site "Bobycentrum hotel, Brno"]
[Date "2023.11.15"]
[Round "6"]
[Board "3"]
[White "Pokorny, Petr"]
[Black "Biliy, Vadim"]
[Result "1/2-1/2"]
[WhiteElo "2131"]
[BlackElo "2331"]
[PlyCount "92"]
[EventDate "2023.11.11"]
[EventRounds "9"]
[EventCountry "CZE"]

1. d4 Nf6 2. c4 c6 3. Nc3 d5 4. cxd5 cxd5 5. Bf4 g6 6. e3 Bg7 7. Nf3 O-O 8. Be2 Nc6
9. h3 e6 10. O-O Ne8 11. Rc1 f6 12. Bh2 Rf7 13. Qb3 Bf8 14. Rfd1 Nd6 15. Bd3 a5 16.
a3 Bd7 17. e4 a4 18. Qa2 Na5 19. Nd2 Nb3 20. Nxb3 axb3 21. Qb1 Bc6 22. exd5 exd5
23. Ne2 Bh6 24. Bf4 g5 25. Bxd6 Qxd6 26. Ng3 Bf8 27. Re1 Bd7 28. Bf5 Ra4 29. Qd3
Qa6 30. Qxa6 bxa6 31. Bxd7 Rxd7 32. Nf5 Rc4 33. Ne3 Rxd4 34. Rc6 Re4 35. Rd1 d4 36.
Ng4 Bg7 37. Nxf6+ Bxf6 38. Rxf6 d3 39. f3 Re2 40. Rxa6 Rxb2 41. Rb6 h5 42. a4 h4
43. a5 Rd5 44. a6 Ra5 45. Rb7 d2 46. a7 Rba2  1/2-1/2

[Event "Brno Open 2023 - B FIDE open"]
[Site "Bobycentrum hotel, Brno"]
[Date "2023.11.15"]
[Round "6"]
[Board "4"]
[White "Bergerhoff, Andreas"]
[Black "Husek, Martin"]
[Result "0-1"]
[WhiteElo "1992"]
[BlackElo "2245"]
[PlyCount "44"]
[EventDate "2023.11.11"]
[EventRounds "9"]
[EventCountry "CZE"]

1. f4 g6 2. Nf3 Bg7 3. e3 c5 4. Be2 Nc6 5. O-O d5 6. d3 Bg4 7. e4 dxe4 8. dxe4 Qxd1
9. Bxd1 Nf6 10. Nc3 Nd7 11. Nd5 O-O-O 12. c3 Nb6 13. Ne3 Bd7 14. Bd2 Bh6 15. g3 Bh3
16. Rf2 e5 17. Ng5 exf4 18. gxf4 Bxg5 19. fxg5 Rhe8 20. Nd5 Rxe4 21. Nf6 Re6 22.
Bf4 Re1+  0-1

[Event "Brno Open 2023 - B FIDE open"]
[Site "Bobycentrum hotel, Brno"]
[Date "2023.11.15"]
[Round "6"]
[Board "5"]
[White "Cupid, Kevin"]
[Black "Llopis de Aysa, Manuel"]
[Result "1/2-1/2"]
[WhiteElo "2186"]
[BlackElo "1986"]
[PlyCount "101"]
[EventDate "2023.11.11"]
[EventRounds "9"]
[EventCountry "CZE"]

1. d4 e6 2. Nf3 f5 3. Nc3 Nf6 4. Bg5 d5 5. Ne5 Nbd7 6. e3 Be7 7. Be2 Nxe5 8. dxe5
Nd7 9. Bxe7 Qxe7 10. f4 O-O 11. Nb5 Nc5 12. O-O g5 13. c3 a6 14. Nd4 Ne4 15. Qe1
Bd7 16. Rd1 c5 17. Nf3 Bb5 18. Nd2 Nxd2 19. Rxd2 Bxe2 20. Qxe2 c4 21. Qh5 gxf4 22.
exf4 Kh8 23. h3 Qf7 24. Qh4 Rg8 25. Kh2 Rg6 26. Qf2 Rag8 27. b3 Qc7 28. Qd4 Rc8 29.
Rb1 b5 30. a4 cxb3 31. Rxb3 Qc4 32. Qxc4 Rxc4 33. axb5 axb5 34. Rd4 Rg7 35. Rxc4
bxc4 36. Rb8+ Rg8 37. Rb6 Re8 38. Kg3 Kg7 39. Kf3 h5 40. Rb7+ Kh6 41. Rb6 Re7 42.
Ke3 Kg6 43. Kd4 Kf7 44. Kc5 Rc7+ 45. Kd6 Ra7 46. Rc6 Rb7 47. Ra6 Re7 48. Ra8 Rb7
49. Ra6 Re7 50. Ra8 Rb7 51. Ra6  1/2-1/2

[Event "Brno Open 2023 - B FIDE open"]
[Site "Bobycentrum hotel, Brno"]
[Date "2023.11.15"]
[Round "6"]
[Board "6"]
[White "Benes, Miroslav"]
[Black "Johnson, Joshua"]
[Result "0-1"]
[WhiteElo "1866"]
[BlackElo "2337"]
[PlyCount "116"]
[EventDate "2023.11.11"]
[EventRounds "9"]
[EventCountry "CZE"]

1. d4 d5 2. c4 c6 3. cxd5 cxd5 4. Bf4 Nf6 5. Nc3 Nc6 6. e3 a6 7. Bd3 Bg4 8. f3 Bh5
9. Nge2 e6 10. Rc1 Bd6 11. O-O Bg6 12. Kh1 Bxf4 13. Nxf4 Qd6 14. Bb1 Bxb1 15. Rxb1
O-O 16. Rc1 Rfe8 17. Nd3 e5 18. dxe5 Nxe5 19. Nf4 Rad8 20. Qd4 Nc6 21. Qd2 Qe5 22.
Rfe1 h6 23. Nd3 Qg5 24. Qf2 Re7 25. h4 Qf5 26. Rcd1 Rde8 27. g4 Qd7 28. Nf4 d4 29.
e4 Re5 30. Ncd5 Qd8 31. Nxf6+ Qxf6 32. Nd5 Qd6 33. h5 Qd8 34. Kg2 Qa5 35. a3 Rc8
36. Qd2 Qd8 37. Rc1 Re8 38. Red1 Qd6 39. Nb6 Rcd8 40. Nd5 Qe5 41. Rc5 Kh7 42. b4
Qd6 43. Qf4 Re5 44. Qxf7 Rf8 45. Qxb7 Rxe4 46. fxe4 Qe6 47. Nf6+ Rxf6 48. Rf5 Qxe4+
49. Kg3 Qe3+ 50. Kh2 Rxf5 51. gxf5 Qf2+ 52. Kh3 Qxf5+ 53. Kg3 Qg5+ 54. Kf2 Qe3+ 55.
Kf1 d3 56. Qxc6 Qe2+ 57. Kg1 Qxd1+ 58. Kf2 Qc2+  0-1

[Event "Brno Open 2023 - B FIDE open"]
[Site "Bobycentrum hotel, Brno"]
[Date "2023.11.15"]
[Round "6"]
[Board "7"]
[White "Setina, Vaclav"]
[Black "Steadman, Michael V R"]
[Result "1-0"]
[WhiteElo "1908"]
[BlackElo "2127"]
[PlyCount "47"]
[EventDate "2023.11.11"]
[EventRounds "9"]
[EventCountry "CZE"]

1. d4 d5 2. Nf3 c5 3. g3 cxd4 4. Bg2 Qa5+ 5. c3 dxc3 6. Nxc3 e6 7. O-O Nf6 8. Bf4
Be7 9. Qb3 a6 10. e4 dxe4 11. Nd2 Nbd7 12. Nc4 Qb4 13. Qxb4 Bxb4 14. Nxe4 Nxe4 15.
Bxe4 O-O 16. Rfd1 Ra7 17. a3 Be7 18. Be3 Bc5 19. Rxd7 Bxe3 20. Rd3 Bg5 21. Nb6 f5
22. Bg2 e5 23. Bd5+ Kh8 24. Rc3  1-0

[Event "Brno Open 2023 - B FIDE open"]
[Site "Bobycentrum hotel, Brno"]
[Date "2023.11.15"]
[Round "6"]
[Board "8"]
[White "Brzezina, Pawel"]
[Black "Brzezina, Piotr"]
[Result "1/2-1/2"]
[WhiteElo "1769"]
[BlackElo "2036"]
[PlyCount "65"]
[EventDate "2023.11.11"]
[EventRounds "9"]
[EventCountry "CZE"]

1. d4 Nf6 2. c4 e6 3. Nf3 Bb4+ 4. Bd2 Qe7 5. g3 Nc6 6. Nc3 Bxc3 7. Bxc3 Ne4 8. Qc2
Nxc3 9. Qxc3 O-O 10. Bg2 d6 11. O-O e5 12. e3 Bg4 13. h3 Bh5 14. b4 exd4 15. Nxd4
Nxd4 16. Qxd4 c6 17. Rab1 a6 18. g4 Bg6 19. Rbd1 Rfd8 20. Qf4 Qe5 21. Rd4 Qxf4 22.
exf4 f6 23. Rfd1 Bf7 24. Bf1 a5 25. bxa5 d5 26. cxd5 Rxd5 27. a6 bxa6 28. Bc4 Rxd4
29. Rxd4 Bxc4 30. Rxc4 Rc8 31. Ra4 Ra8 32. Rc4 Rc8 33. Ra4  1/2-1/2

[Event "Brno Open 2023 - B FIDE open"]
[Site "Bobycentrum hotel, Brno"]
[Date "2023.11.15"]
[Round "6"]
[Board "9"]
[White "Stara, Zuzana"]
[Black "Sliwerski, Radoslaw"]
[Result "1/2-1/2"]
[WhiteElo "1581"]
[BlackElo "2017"]
[PlyCount "76"]
[EventDate "2023.11.11"]
[EventRounds "9"]
[EventCountry "CZE"]

1. e4 c5 2. Nf3 d6 3. d4 cxd4 4. Nxd4 Nf6 5. Nc3 a6 6. Bg5 Nbd7 7. f4 e5 8. Nf5 Qb6
9. Qd2 Qxb2 10. Rd1 Qb4 11. Bd3 h6 12. Bxf6 Nxf6 13. fxe5 Bxf5 14. exf6 Be6 15. Rb1
Qc5 16. Rxb7 Qc6 17. Rb1 gxf6 18. O-O Bg7 19. Nd5 f5 20. Kh1 Be5 21. Qa5 Bxd5 22.
exd5 Qc3 23. Qa4+ Kf8 24. Rxf5 Rg8 25. Qd7 Rg7 26. Qc6 Re8 27. Qxc3 Bxc3 28. Bxa6
Rg4 29. Bb5 Rb8 30. Rf3 Rd4 31. Rxc3 Rxb5 32. Rcb3 Rbxd5 33. h3 Rd2 34. Rc1 Rc5 35.
Rb2 Rg5 36. Rg1 Rc5 37. Rc1 Rg5 38. Rg1 Rc5  1/2-1/2

[Event "Brno Open 2023 - B FIDE open"]
[Site "Bobycentrum hotel, Brno"]
[Date "2023.11.15"]
[Round "6"]
[Board "10"]
[White "Kovalenko, Vladimir N."]
[Black "Rybackova, Lucie"]
[Result "1/2-1/2"]
[WhiteElo "1993"]
[BlackElo "1924"]
[PlyCount "63"]
[EventDate "2023.11.11"]
[EventRounds "9"]
[EventCountry "CZE"]

1. e4 c6 2. Nc3 d5 3. Nf3 dxe4 4. Nxe4 Nf6 5. Nxf6+ exf6 6. d4 Bd6 7. Bd3 O-O 8.
O-O Qc7 9. h3 Re8 10. c4 Nd7 11. Qc2 Nf8 12. Bd2 Be6 13. Rfe1 Rad8 14. Rad1 Ng6 15.
b3 b6 16. Be4 Bd7 17. Bd3 Qc8 18. Rxe8+ Rxe8 19. Re1 Be6 20. Be4 Bb8 21. Bf5 Rd8
22. Bxe6 fxe6 23. Qe4 e5 24. dxe5 Nxe5 25. Nxe5 Bxe5 26. Be3 Qd7 27. g3 Bc3 28. Rc1
Bb2 29. Rb1 Be5 30. Re1 Bc3 31. Rc1 Bb2 32. Rb1  1/2-1/2

[Event "Brno Open 2023 - B FIDE open"]
[Site "Bobycentrum hotel, Brno"]
[Date "2023.11.16"]
[Round "7"]
[Board "1"]
[White "Wu, Yixing"]
[Black "Husek, Martin"]
[Result "1-0"]
[WhiteElo "2307"]
[BlackElo "2245"]
[PlyCount "79"]
[EventDate "2023.11.11"]
[EventRounds "9"]
[EventCountry "CZE"]

1. d4 Nf6 2. Nf3 e6 3. Bf4 d5 4. e3 Bd6 5. Nbd2 O-O 6. Bd3 c5 7. c3 Bxf4 8. exf4
cxd4 9. Nxd4 Qc7 10. g3 e5 11. fxe5 Qxe5+ 12. Qe2 Re8 13. Qxe5 Rxe5+ 14. Be2 Bh3
15. f3 Nc6 16. N2b3 Rae8 17. Kd2 R5e7 18. Bb5 Rc8 19. Bxc6 bxc6 20. Nc5 Nd7 21. b4
Ne5 22. Rhe1 Bg2 23. Rxe5 Rxe5 24. Rg1 Bh3 25. g4 h5 26. Nd3 f6 27. Nxe5 fxe5 28.
Ne6 e4 29. Ng5 Rf8 30. Nxh3 Rxf3 31. Ng5 Rf2+ 32. Ke3 Rxh2 33. gxh5 Rxh5 34. Kd4
Rh2 35. Ne6 Rd2+ 36. Ke5 e3 37. Rxg7+ Kh8 38. Re7 Rxa2 39. Kf6 Rf2+ 40. Kg6  1-0